Evaluation of innovation subsidy in selected CEE regions

Gespeichert in:
Bibliographische Detailangaben
1. Verfasser: Šipikal, Miroslav, 1976-
Weitere Verfasser: Némethová, Valéria, 1987-, Širaňová, Mária
Format: Buchkapitel
Sprache:Englisch
Schlagworte:
Tags: Tag hinzufügen
Keine Tags, Fügen Sie das erste Tag hinzu!

MARC

LEADER 00000nla a2200000 4500
001 0234313
005 20240502083624.7
041 0 |a eng 
044 |a IE 
245 1 0 |a Evaluation of innovation subsidy in selected CEE regions  |c Miroslav Sipikal, Valeria Nemethova, Maria Siranova 
500 |a Abstrakt 
610 2 0 |a inovácie technologické 
610 2 0 |a stredná Európa 
610 2 0 |a východná Európa 
610 2 0 |a rozvoj regionálny 
610 2 0 |a dotácie 
100 1 |a Šipikal, Miroslav, 1976- 
700 1 |a Némethová, Valéria, 1987- 
700 1 |a Širaňová, Mária